Obce v Kraji Vysočina - Statistics

General Stats
  • This quiz has been taken 36 times
  • The average score is 62 of 704
Answer Stats
Obec Počet obyvatel % Correct
Havlíčkův Brod 23 255
100%
Humpolec 10 975
100%
Jihlava 51 125
100%
Pelhřimov 16 012
100%
Třebíč 35 107
100%
Žďár nad Sázavou 20 485
100%
Nové Město na Moravě 10 006
89%
Telč 5 257
89%
Velké Meziříčí 11 452
89%
Bystřice nad Pernštejnem 7 982
79%
Polná 5 201
79%
Golčův Jeníkov 2 706
68%
Kámen 270 | 388
68%
Kamenice 1 978
68%
Náměšť nad Oslavou 4 817
68%
Světlá nad Sázavou 6 429
68%
Třešť 5 682
68%
Velká Bíteš 5 227
68%
Chotěboř 9 103
63%
Dukovany 901
63%
Kamenice nad Lipou 3 742
63%
Jemnice 3 991
58%
Ledeč nad Sázavou 4 951
58%
Přibyslav 3 989
58%
Ždírec 150 | 417
58%
Žirov 89
58%
Žirovnice 2 920
58%
Jaroměřice nad Rokytnou 4 140
53%
Moravské Budějovice 7 256
53%
Okříšky 2 053
53%
Věž 824
53%
Ždírec nad Doubravou 3 135
53%
Kostelec 905
47%
Mohelno 1 341
47%
Pacov 4 667
47%
Počátky 2 518
47%
Havlíčkova Borová 985
42%
Jimramov 1 157
42%
Lipnice nad Sázavou 647
42%
Nová Říše 826
42%
Stará Říše 616
42%
Svratka 1 385
42%
Velký Beranov 1 280
42%
Želiv 1 153
42%
Číhošť 337
37%
Dolní Cerekev 1 270
37%
62
37%
Habry 1 334
37%
Hornice 63
37%
Horní Cerekev 1 836
37%
Křižanov 1 866
37%
Měřín 1 966
37%
Ostrov 157
37%
Pohled 726
37%
Pohleď 68
37%
Vír 703
37%
Brtnice 3 757
32%
Česká Bělá 1 084
32%
Dobronín 1 864
32%
Kralice nad Oslavou 1 021
32%
Luka nad Jihlavou 3 028
32%
Nová Ves 164 | 243
32%
Ostrov nad Oslavou 967
32%
Sázava 664
32%
Sněžné 717
32%
Štoky 1 973
32%
Větrný Jeníkov 634
32%
Batelov 2 368
26%
Černov 125
26%
Černovice 1 761
26%
Herálec 1 094 | 1 343
26%
Lípa 1 184
26%
Malý Beranov 615
26%
Obrataň 805
26%
Osová Bítýška 930
26%
Petrovice 422
26%
Sázavka 330
26%
Vladislav 1 165
26%
Červená Řečice 1 006
21%
Dalešice 568
21%
Dolní Rožínka 597
21%
Fryšava pod Žákovou horou 325
21%
Krucemburk 1 601
21%
Lhotka 99 | 225
21%
Mrákotín 886
21%
Okrouhlice 1 371
21%
Řásná 235
21%
Rozsochatec 502
21%
Studenec 591
21%
Tři Studně 113
21%
Vojnův Městec 775
21%
Vysoká 241
21%
Bukov 190
16%
Cejle 503
16%
Černá 298
16%
Dalečín 650
16%
Dolní Město 919
16%
Hrotovice 1 773
16%
Jihlávka 198
16%
Krásné 116
16%
Křižánky 397
16%
Nová Cerekev 1 112
16%
Nové Veselí 1 352
16%
Olešná 380 | 563
16%
Pavlov 132 | 134 | 352 | 413
16%
Štěpánov nad Svratkou 711
16%
Ústí 222
16%
Věžnice 152 | 426
16%
Vídeň 456
16%
Vyskytná 716
16%
Želetava 1 488
16%
Bělá 49 | 218
11%
Borek 125
11%
Bransouze 224
11%
Bystrá 125
11%
Číměř 207
11%
Doupě 101
11%
Dušejov 477
11%
Hamry nad Sázavou 1 619
11%
Hořepník 640
11%
Horní Rožínka 75
11%
Jitkov 236
11%
Kalhov 130
11%
Kejžlice 424
11%
Kněževes 157
11%
Koberovice 162
11%
Kozlov 189 | 220 | 480
11%
Krátká Ves 134
11%
Láz 286
11%
Markvartice 198 | 284
11%
Mnich 396
11%
Nížkov 971
11%
Nová Ves u Nového Města na Moravě 649
11%
Olší 72
11%
Opatov 198 | 760
11%
Otín 85 | 334
11%
Podolí 90
11%
Police 340
11%
Proseč 66
11%
Radostín 149 | 161
11%
Radostín nad Oslavou 935
11%
Rančířov 466
11%
Rantířov 463
11%
Rousměrov 108
11%
Rudíkov 717
11%
Rynárec 629
11%
Senožaty 778
11%
Smrčná 448
11%
Sobíňov 731
11%
Spělkov 36
11%
Stonařov 1 096
11%
Střítež 104 | 106 | 465 | 563
11%
Tis 385
11%
Věžnička 138
11%
Vilémov 969
11%
Vlkov 278
11%
Vyskytná nad Jihlavou 914
11%
Vysoká Lhota 14
11%
Zvole 657
11%
Babice 191
5%
Bartoušov 167
5%
Bílý Kámen 290
5%
Bítovčice 420
5%
Blatnice 358
5%
Bohdalec 279
5%
Bohdalov 1 166
5%
Bory 781
5%
Březí 185
5%
Březí nad Oslavou 291
5%
Brzkov 308
5%
Budišov 1 205
5%
Častrov 622
5%
Čechtín 313
5%
Cerekvička-Rosice 189
5%
Chlum 144
5%
Chřenovice 150
5%
Cikháj 108
5%
Čížkov 132
5%
Čížov 295
5%
Daňkovice 152
5%
Dešov 429
5%
Dlouhá Ves 458
5%
Dolní Krupá 429
5%
Dvorce 195
5%
Hartvíkovice 550
5%
Heřmanice 47
5%
Hodice 736
5%
Hořice 194
5%
Hybrálec 466
5%
Jakubov u Moravských Budějovic 648
5%
Jamné 567
5%
Jezdovice 240
5%
Jindřichovice 92
5%
Kadov 163
5%
Kaliště 162 | 350
5%
Klokočov 119
5%
Kochánov 178
5%
Kojčice 325
5%
Kojetice 450
5%
Kojetín 162
5%
Kouty 199 | 381
5%
Krahulčí 611
5%
Kramolín 125
5%
Krásněves 298
5%
Křídla 366
5%
Kuroslepy 150
5%
Květinov 229
5%
Kyjov 44 | 149
5%
Lesná 67 | 93
5%
Leština u Světlé 538
5%
Lhánice 169
5%
Lidmaň 284
5%
Lipník 401
5%
Lísek 396
5%
Litohoř 559
5%
Lomy 127
5%
Martinice 466
5%
Meziříčko 87 | 175
5%
Mezná 156
5%
Michalovice 225
5%
Mirošov 134 | 159
5%
Modlíkov 154
5%
Nadějov 198
5%
Nárameč 346
5%
Netín 358
5%
Nová Ves u Chotěboře 545
5%
Obyčtov 435
5%
Ocmanice 332
5%
Ondřejov 157
5%
Ořechov 66 | 320
5%
Oudoleň 372
5%
Písečné 188
5%
Polnička 823
5%
Přibyslavice 797
5%
Příseka 433
5%
Proseč pod Křemešníkem 83
5%
Puklice 832
5%
Račice 45 | 87
5%
Radkov 167 | 244
5%
Radňovice 313
5%
Řečice 144 | 468
5%
Řídelov 80
5%
Římov 431
5%
Rouchovany 1 154
5%
Rovečné 619
5%
Rozseč 88 | 175
5%
Ruda 392
5%
Sazomín 254
5%
Šebkovice 482
5%
Sedlice 141
5%
Škrdlovice 668
5%
Šlapanov 813
5%
Slavětín 124
5%
Smrk 270
5%
Stáj 176
5%
Stařeč 1 654
5%
Strážek 825
5%
Stříbrné Hory 248
5%
Studnice 132
5%
Suchá 257
5%
Syrov 51
5%
Tasov 680
5%
Trnava 718
5%
Újezd 268
5%
Unčín 194
5%
Útěchovice 61
5%
Útěchovice pod Stražištěm 104
5%
Útěchovičky 70
5%
Vanov 86
5%
Vanůvek 38
5%
Vatín 330
5%
Věcov 713
5%
Velké Janovice 132
5%
Velké Tresné 105
5%
Velký Rybník 189
5%
Veselá 226
5%
Věžná 134 | 238
5%
Vícenice 191
5%
Vícenice u Náměště nad Oslavou 412
5%
Vilémovice 270
5%
Víska 179
5%
Vlachovice 137
5%
Vlkanov 45
5%
Vyklantice 151
5%
Vysoké 195
5%
Vystrkov 285
5%
Záborná 263
5%
Zahrádka 139
5%
Zajíčkov 230
5%
Ždánice 237
5%
Zhoř 445
5%
Žižkovo Pole 395
5%
Znětínek 208
5%
Zubří 524
5%
Arneštovice 83
0%
Arnolec 178
0%
Bačice 195
0%
Bačkov 119
0%
Bačkovice 95
0%
Bácovice 90
0%
Baliny 129
0%
Benetice 193
0%
Bezděkov 245
0%
Biskupice-Pulkov 256
0%
Blažkov 285
0%
Blízkov 340
0%
Bobrová 897
0%
Bobrůvka 238
0%
Bochovice 150
0%
Bohdalín 173
0%
Bohuňov 269
0%
Bohušice 135
0%
Bohuslavice 136
0%
Bojiště 298
0%
Boňkov 79
0%
Bořetice 77
0%
Bořetín 108
0%
Borovná 83
0%
Borovnice 186
0%
Boršov 163
0%
Božejov 633
0%
Bratřice 137
0%
Břevnice 148
0%
Březejc 154
0%
Březník 698
0%
Březské 175
0%
Brtnička 99
0%
Budeč 183
0%
Budíkov 337
0%
Budkov 361
0%
Buřenice 203
0%
Býšovec 173
0%
Čachotín 162
0%
Čáslavice 538
0%
Čáslavsko 122
0%
Častohostice 184
0%
Čechočovice 328
0%
Čečkovice 78
0%
Čejov 618
0%
Čelistná 94
0%
Černíč 121
0%
Červená Lhota 184
0%
Cetoraz 293
0%
Chlístov 302
0%
Chlumek 173
0%
Chlumětín 212
0%
Chlum-Korouhvice 40
0%
Chotěbudice 98
0%
Chrtníč 116
0%
Chyšná 100
0%
Chýstovice 37
0%
Číchov 227
0%
Cidlina 82
0%
Číhalín 218
0%
Čikov 201
0%
Dědice 127
0%
Dehtáře 113
0%
Dlouhá Brtnice 381
0%
Dlouhé 258
0%
Dobrá Voda 203 | 384
0%
Dobrá Voda u Pacova 96
0%
Dobroutov 296
0%
Dolní Heřmanice 527
0%
Dolní Lažany 150
0%
Dolní Libochová 152
0%
Dolní Sokolovec 86
0%
Dolní Vilémovice 430
0%
Dolní Vilímeč 105
0%
Domamil 317
0%
Druhanov 163
0%
Dubovice 81
0%
Dudín 189
0%
Důl 51
0%
Dyjice 133
0%
Heraltice 356
0%
Heřmanov 222
0%
Hladov 170
0%
Hluboké 206
0%
Hněvkovice 614
0%
Hodíškov 160
0%
Hodov 300
0%
Hojanovice 99
0%
Hojkov 149
0%
Hojovice 75
0%
Horní Dubenky 600
0%
Horní Heřmanice 141
0%
Horní Krupá 591
0%
Horní Libochová 197
0%
Horní Myslová 96
0%
Horní Paseka 73
0%
Horní Radslavice 91
0%
Horní Rápotice 164
0%
Horní Smrčné 54
0%
Horní Újezd 266
0%
Horní Ves 309
0%
Horní Vilémovice 88
0%
Hostětice 129
0%
Hradec 252
0%
Hroznatín 115
0%
Hrutov 107
0%
Hubenov 142
0%
Hurtova Lhota 245
0%
Hvězdoňovice 114
0%
Jabloňov 340
0%
Jámy 627
0%
Jankov 41
0%
Jasenice 173
0%
Javorek 105
0%
Jedlá 86
0%
Jeřišno 273
0%
Jersín 190
0%
Ježená 123
0%
Ježov 64
0%
Jilem 134
0%
Jinošov 243
0%
Jiratice 72
0%
Jiřice 948
0%
Jívoví 288
0%
Kadolec 166
0%
Kamenná 187 | 210
0%
Kamenná Lhota 263
0%
Karlov 114
0%
Kdousov 124
0%
Kladeruby nad Oslavou 201
0%
Klatovec 73
0%
Klučov 162
0%
Kněžice 1 363
0%
Knínice 193
0%
Knyk 438
0%
Kojatice 250
0%
Kojatín 89
0%
Komárovice 111
0%
Komorovice 209
0%
Koněšín 506
0%
Koroužné 260
0%
Košetice 709
0%
Kostelní Myslová 67
0%
Kostníky 192
0%
Kotlasy 106
0%
Kožichovice 443
0%
Kozlany 137
0%
Kožlí 814
0%
Kraborovice 103
0%
Krahulov 281
0%
Krasíkovice 135
0%
Krásná Hora 518
0%
Krasonice 199
0%
Křeč 220
0%
Křelovice 345
0%
Křešín 158
0%
Krhov 182
0%
Krokočín 211
0%
Křoví 616
0%
Kuklík 199
0%
Kundratice 166
0%
Kunemil 112
0%
Kynice 99
0%
Lány 52
0%
Lavičky 578
0%
Leskovice 105
0%
Leškovice 83
0%
Lesní Jakubov 102
0%
Lesonice 479
0%
Lesůňky 77
0%
Lhota-Vlasenice 97
0%
Lhotice 147
0%
Libice nad Doubravou 858
0%
Libkova Voda 257
0%
Líšná 56
0%
Litohošť 58
0%
Litovany 123
0%
Loukovice 121
0%
Lovčovice 61
0%
Lučice 639
0%
Lukavec 972
0%
Lukov 403
0%
Malá Losenice 269
0%
Malčín 206
0%
Maleč 643
0%
Martinice u Onšova 56
0%
Martínkov 256
0%
Mastník 233
0%
Matějov 202
0%
Menhartice 130
0%
Měšín 270
0%
Mezilesí 113
0%
Mikulovice 221
0%
Milasín 46
0%
Milešín 76
0%
Milíčov 140
0%
Mladé Bříště 267
0%
Mladoňovice 406
0%
Moravec 605
0%
Moraveč 196
0%
Moravecké Pavlovice 45
0%
Mysletice 124
0%
Mysletín 121
0%
Mysliboř 200
0%
Myslibořice 717
0%
Naloučany 164
0%
Nejepín 80
0%
Nevcehle 236
0%
Nimpšov 55
0%
Nová Buková 117
0%
Nová Ves u Leštiny 119
0%
Nová Ves u Světlé 543
0%
Nové Dvory 322
0%
Nové Sady 255
0%
Nové Syrovice 905
0%
Nový Jimramov 60
0%
Nový Rychnov 1 008
0%
Nový Telečkov 103
0%
Nyklovice 169
0%
Odunec 98
0%
Okarec 110
0%
Okřešice 193
0%
Okrouhlička 268
0%
Olešenka 187
0%
Olšany 76
0%
Onšov 219
0%
Oponešice 177
0%
Oslavice 682
0%
Oslavička 127
0%
Osové 92
0%
Ostašov 152
0%
Ovesná Lhota 172
0%
Pálovice 169
0%
Panenská Rozsíčka 193
0%
Panské Dubenky 121
0%
Pavlínov 254
0%
Petráveč 294
0%
Petrůvky 130
0%
Pikárec 334
0%
Píšť 81
0%
Plandry 194
0%
Počítky 242
0%
Poděšín 253
0%
Podmoklany 141
0%
Podmoky 127
0%
Pokojov 152
0%
Pokojovice 112
0%
Polesí 107
0%
Popůvky 68
0%
Pošná 255
0%
Pozďatín 153
0%
Přeckov 72
0%
Předín 678
0%
Přešovice 139
0%
Příštpo 254
0%
Prosetín 375
0%
Prosíčka 142
0%
Pucov 163
0%
Putimov 278
0%
Pyšel 463
0%
Račín 133
0%
Rácovice 118
0%
Radenice 170
0%
Radešín 127
0%
Radešínská Svratka 619
0%
Radkovice u Budče 151
0%
Radkovice u Hrotovic 342
0%
Radňoves 100
0%
Radonín 79
0%
Radošov 165
0%
Radotice 110
0%
Rapotice 538
0%
Rodinov 223
0%
Rodkov 100
0%
Rohozná 427
0%
Rohy 111
0%
Rokytnice nad Rokytnou 844
0%
Rosička 45
0%
Rovná 53
0%
Rožná 790
0%
Rozsochy 710
0%
Rudolec 211
0%
Rušinov 174
0%
Růžená 345
0%
Rybné 119
0%
Rybníček 63
0%
Salačova Lhota 135
0%
Samšín 149
0%
Sedlatice 59
0%
Sedlec 242
0%
Sedlejov 296
0%
Sedletín 286
0%
Sejřek 176
0%
Šimanov 215
0%
Sirákov 271
0%
Sklené 107
0%
Sklené nad Oslavou 231
0%
Skorkov 91
0%
Skorotice 121
0%
Skřinářov 150
0%
Skryje 178
0%
Skuhrov 282
0%
Slavětice 241
0%
Slavičky 291
0%
Slavíkov 284
0%
Slavíkovice 194
0%
Slavníč 58
0%
Sloupno 38
0%
Služátky 157
0%
Staré Bříště 72
0%
Štěměchy 303
0%
Štěpkov 113
0%
Stojčín 112
0%
Strachoňovice 95
0%
Strachujov 130
0%
Stránecká Zhoř 608
0%
Střítež pod Křemešníkem 67
0%
Stropešín 126
0%
Sudice 352
0%
Sulkovec 163
0%
Švábov 69
0%
Svatoslav 252
0%
Svépravice 117
0%
Světnov 472
0%
Sviny 110
0%
Svojkovice 49
0%
Těchobuz 75
0%
Těmice 397
0%
Třebelovice 425
0%
Třebenice 452
0%
Třesov 99
0%
Třeštice 157
0%
Trpišovice 179
0%
Ubušínek 88
0%
Uhelná Příbram 504
0%
Úhořilka 46
0%
Uhřínov 371
0%
Ujčov 467
0%
Urbanov 136
0%
Úsobí 684
0%
Ústrašín 265
0%
Valdíkov 115
0%
Valeč 823
0%
Vápovice 41
0%
Včelnička 242
0%
Věchnov 329
0%
Velká Chyška 282
0%
Velká Losenice 1 226
0%
Vepříkov 336
0%
Vepřová 429
0%
Veselý Žďár 582
0%
Věstín 159
0%
Vidonín 166
0%
Vílanec 325
0%
Vlčatín 150
0%
Vojslavice 90
0%
Vokov 183
0%
Volevčice 75
0%
Výčapy 871
0%
Vysoké Studnice 428
0%
Vystrčenovice 118
0%
Záblatí 256
0%
Zachotín 243
0%
Zadní Vydří 50
0%
Zadní Zhořec 136
0%
Zárubice 120
0%
Zašovice 123
0%
Žatec 113
0%
Zbilidy 231
0%
Zbinohy 98
0%
Zdeňkov 56
0%
Zhořec 104
0%
Zlátenka 48
0%
Zvěrkovice 211
0%
Zvěstovice 71
0%
Zvolenovice 84
0%
No matching quizzes found
Score Distribution
Percent of People with Each Score
Percentile by Number Answered
Your Score History
You have not taken this quiz